000 00646 a2200229 4500
003 CBULib
005 20250113150915.0
008 241211b |||||||| |||| 00| 0 eng d
020 _a9781608091713
040 _bEnglish
_cCBULib
_erda
050 _aPS 3603.L4987 D33
100 _aCliford, Joe
245 _aDecember boys
_c/ by Joe Cliford
260 _bOceanview Publishing :
_c2016
_aFlorida :
300 _a271 pages
336 _2rdacontent
_aText |
_btxt
337 _2rdamedia
_aUnmediated |
_bn
338 _2rdacarrier
_aVolume
_bnc
650 0 _94207
_aNEW HAMPSHIRE FICTION
650 0 _94208
_aSUSPENSE FICTION
942 _2lcc
_c002
999 _c85397
_d85397